01788nam a2200241Ia 4500001000600000003000900006008004100015040001300056040001300069041001300082100001800095100002900113245005200142245005100194250001100245260001000256260000900266260004900275300005700324500110400381650003001485650003101515B0860IT-RoPAU130308s9999 xx 000 0 und d aIT-RoPAU cIT-RoPAU aFRANCESE aFarchy Joelle gCodice Aut. SPICS: 37225 aCinema dechainè (Le)-Mutation d'une industrie bCinema Dechaine' (Le)-Mutation d'une Industrie a1a ed. aPARIS bCNRS c1992 [1° Ed.:1992 - Ed.Ling.Originale:1992] a"352 p. (prefazione: no ; testo: 352 [pagine: 0-0])" aCinema Diffuso Tramite canali Televisivi. presentazione del Processo Cinematografico: produttore e Produzione, costi di Produzione. Distributore e Distribuzione, Difficoltà della Distribuzione. Sfruttamento del Film. concorrenza dei supporti di Diffusione: Evoluzione della domanda del Film in Sala, caratteristiche Socio Economiche del Pubblico. Dislocamento della Domandanel Film Verso Il consumo a Domicilio. costo del Film in Sala, prezzi relativi Alle Domande. Informazione e capitale Culturale. ruolo della Struttura dell'Offerta. sostituzione e Differenziazione dei prodotti Secondo Se Il Film va in sala o a Domicilio. Identità dell'industria Cinematografica in Seno al Processo Audiovisivo. Sostegno dei pubblici Poteri a un prodotto Culturale. Valutazione dell'aiuto Pubblico Alla Cultura e al Cinema. ruolo Preponderante delle Società televisive nel finanziamento dei Film. nuove forme di Diffusione. Industria Cinematografica in Piena Ristrutturazione: Concentrazione, nuove strategie delle firme Cinematografiche, Ambiguità della costituzione di gruppi di Potere. Bibliografia. aINDUSTRIA CINEMATOGRAFICA eCodice materia Spics: 6806